Stata survival analysis and epidemiological table : (Registro nro. 19498)

Detalles MARC
000 -CABECERA
Campo de control 01223cam a22002894a 4500
005 - FECHA Y HORA DE LA ULTIMA TRANSACCION
Campo de control 20170515090930.0
008 - ELEMENTOS DE LONGITUD FIJA—INFORMACION GENERAL
Campo de control 090807s2007 txua bf 001 0 eng c
020 ## - ISBN
ISBN 1597180289
020 ## - ISBN
ISBN 9781597180283
040 ## - FUENTE DE CATALOGACIÓN
Agencia catalogadora original WAU
Agencia transcriptora WAU
Agencia Modificadora BTCTA
-- BAKER
-- NLGGC
-- YDXCP
-- DLC
-- CO-BoIAVH
041 0# - IDIOMA
Código de idioma para texto/pista de sonido o título separado Español
044 ## - PAÍS DE PUBLICACIÓN
País de publicación Colombia
082 04 - NUMERO DE CLASIFICACION DECIMAL DEWEY
Número de clasificación 005.55
Número del ítem S79a9
245 00 - MENCION DE TITULO
Título Stata survival analysis and epidemiological table :
Parte restante del título reference manual : release 10.
246 14 - FORMA VARIANTE DEL TITULO
Título propiamente dicho/forma breve del título Stata release 10 :
Parte restante del título survival analysis and epidemiological tables
246 18 - FORMA VARIANTE DEL TITULO
Título propiamente dicho/forma breve del título Stata 10 :
Parte restante del título survival analysis and epidemiological tables
260 ## - PUBLICACION, DISTRIBUCION, ETC. (PIE DE IMPRENTA)
Lugar de publicación, distribución, etc. College Station, Texas :
Nombre del editor, distribuidor, etc. StataCorp LP,
Fecha de publicación, distribución, etc. c2007.
300 ## - DESCRIPCION FISICA
Extensión iv, 489 páginas ;
Otros detalles físicos ilustraciones ;
Dimensiones 24 x 19 cm.
504 ## - NOTA DE BIBLIOGRAFIA, ETC.
Nota de bibliografía Incluye referencias bibliográficas e índice.
630 #0 - ASIENTO SECUNDARIO DE MATERIA - TITULO UNIFORME
Uniform title Stata (Software)
Form subdivision Guías, manuales, etc.
9 (RLIN) 81517
650 26 - ASIENTO SECUNDARIO DE MATERIA - TERMINO TEMATICO
Término temático o nombre geográfico como elemento de entrada Supervivencia
Subdivisión general Análisis
-- Programas de ordenador
Subdivisión de forma Guías, manuales, etc.
9 (RLIN) 81518
650 26 - ASIENTO SECUNDARIO DE MATERIA - TERMINO TEMATICO
Término temático o nombre geográfico como elemento de entrada Epidemiología
Subdivisión general Estadísticas
-- Programas de ordenador
Subdivisión de forma Guías, manuales, etc.
9 (RLIN) 81519
650 26 - ASIENTO SECUNDARIO DE MATERIA - TERMINO TEMATICO
Término temático o nombre geográfico como elemento de entrada Programas de ordenador
Subdivisión de forma Guías, manuales, etc.
9 (RLIN) 81520
650 26 - ASIENTO SECUNDARIO DE MATERIA - TERMINO TEMATICO
Término temático o nombre geográfico como elemento de entrada Procesamiento de datos
9 (RLIN) 81521
710 2# - ASIENTO SECUNDARIO - NOMBRE CORPORATIVO
Nombre corporativo o de jurisdicción como elemento de entrada Stata Corporation
9 (RLIN) 81471
942 ## - ELEMENTOS ADICIONALES (KOHA)
Sistema de clasificación Dewey Decimal Classification
Tipo de ítem Libro
Existencias
Withdrawn status Lost status Sistema de Clasificación Damaged status No para préstamo Colección Ubicación Permanente Ubicación actual Fecha de adquisición Total Checkouts Número topográfico Inventario / Código de Barras Date last seen Ejemplar Price effective from Forma de adquisición Tipo de material
    Dewey Decimal Classification     TIC Villa de Leyva Villa de Leyva 15/05/2017   LB-005.55 S79a9 041243 15/05/2017 Ej. 1 15/05/2017 Donación Libro